01006cam a22002533a 450000100060000000300080000600500170001400800390003103500190007004000270008904100080011608200260012410000340015024501170018426000370030130000250033850000300036350000660039350400410045950501530050060000500065365100180070365100310072126431BD-RjUL20211209051022.0140322s1972 ii b 000 0 eng a(BD-RjUL)26501 aDLCcDLCbengdBD-RjUL aeng a954.025bSAH V-4 19721 aSarkar, Jadunath,d1870-1958.10aHistory of Aurangzib :b based on Original sources /cSir Jadunath Sarkar.nVolumne IVpSouthern India 1645-1669 aBombay :bOrient Longman,c1972. axi, 352 p. ;c22 cm. aSubtitle varies slightly. aFirst published in 5 v., 1912-1924, by M.C. Sarkar, Calcutta. aIncludes bibliographical references.0 av. 1-2. [Reign of Shah Jahan. War of succession]--v. 3. Northern India, 1658-1681.--v. 4. Souther India, 1645-1669.--v. 5. [Last phase, 1669-1707].00aAurangzeb,cEmperor of Hindustan,d1618-1707. 0aMogul Empire. 0aIndiaxHistoryy1500-1765.